Foreign Exchange Regulations of Pakistan: (Record no. 613122)
[ view plain ]
| 000 -LEADER | |
|---|---|
| fixed length control field | 00451nam a22001457a 4500 |
| 020 ## - INTERNATIONAL STANDARD BOOK NUMBER | |
| International Standard Book Number | 9789698372682 |
| 082 ## - DEWEY DECIMAL CLASSIFICATION NUMBER | |
| Classification number | 332.4 |
| Author Mark | ZAI |
| 100 ## - MAIN ENTRY--PERSONAL NAME | |
| Personal name | Zaidi, Syed Shabbar |
| 245 ## - TITLE STATEMENT | |
| Title | Foreign Exchange Regulations of Pakistan: |
| Remainder of title | acquisition & disposal of shares & securities / |
| Statement of responsibility, etc. | Syed Shabbar Zaidi |
| 260 ## - PUBLICATION, DISTRIBUTION, ETC. | |
| Place of publication, distribution, etc. | United Kingdom : |
| Name of publisher, distributor, etc. | The House, |
| Date of publication, distribution, etc. | 2023. |
| 300 ## - PHYSICAL DESCRIPTION | |
| Extent | 167 p. |
| 563 ## - BINDING INFORMATION | |
| Binding note | PB. |
| 650 ## - SUBJECT ADDED ENTRY--TOPICAL TERM | |
| Topical term or geographic name entry element | Law, Foreign Exchange |
| 942 ## - ADDED ENTRY ELEMENTS (KOHA) | |
| Source of classification or shelving scheme | |
| Koha item type | Book |
| 650 ## - SUBJECT ADDED ENTRY--TOPICAL TERM | |
| -- | 128092 |
| Withdrawn status | Lost status | Source of classification or shelving scheme | Damaged status | Not for loan | Permanent Location | Current Location | Date acquired | Total Checkouts | Full call number | Barcode | Date last seen | Price effective from | Koha item type | Date last checked out | Source of acquisition |
|---|---|---|---|---|---|---|---|---|---|---|---|---|---|---|---|
| NUST Law School (NLS) | NUST Law School (NLS) | 03/03/2025 | 332.4 ZAI | NLS-468 | 03/03/2025 | 03/03/2025 | Book | ||||||||
| NUST Law School (NLS) | NUST Law School (NLS) | 03/03/2025 | 332.4 ZAI | NLS-469 | 03/03/2025 | 03/03/2025 | Book | ||||||||
| NUST Law School (NLS) | NUST Law School (NLS) | 03/03/2025 | 1 | 332.4 ZAI | NLS-470 | 04/12/2025 | 03/03/2025 | Book | 04/12/2025 | ||||||
| NUST Law School (NLS) | NUST Law School (NLS) | 06/25/2025 | 332.4 ZAI | NLS-1954 | 06/25/2025 | 06/25/2025 | Book | Pakistan Law House | |||||||
| NUST Law School (NLS) | NUST Law School (NLS) | 06/25/2025 | 332.4 ZAI | NLS-1955 | 06/25/2025 | 06/25/2025 | Book | Pakistan Law House | |||||||
| NUST Law School (NLS) | NUST Law School (NLS) | 06/25/2025 | 332.4 ZAI | NLS-1956 | 06/25/2025 | 06/25/2025 | Book | Pakistan Law House |
